Les barbares : (Record no. 170202)

MARC details
000 -LEADER
campo de control de longitud fija 00761nam a22002055i 4500
001 - NÚMERO DE CONTROL
campo de control 170202
003 - IDENTIFICADOR DE NÚMERO DE CONTROL
campo de control ES-MaACL
005 - FECHA Y HORA DE LA ÚLTIMA TRANSACCIÓN
campo de control 20250302001306.0
008 - DATOS DE LONGITUD FIJA--INFORMACIÓN GENERAL
campo de control de longitud fija 090211q1901 fr 000 d fre d
080 ## - NÚMERO DE LA CLASIFICACIÓN DECIMAL UNIVERSAL
Número de la Clasificación Decimal Universal 782.1
100 1# - ENTRADA PRINCIPAL--NOMBRE DE PERSONA
Nombre de persona Sardou, Victorien.
9 (RLIN) 103800
245 14 - MENCIÓN DEL TÍTULO
Título Les barbares :
Resto del título tragédie lyrique en trois actes et un prologue /
Mención de responsabilidad, etc. poème de Victorien Sardou et P.-B. Gheusi ; musique de Camille Saint-Saëns.
260 ## - PUBLICACIÓN, DISTRIBUCIÓN, ETC.
Lugar de publicación, distribución, etc. Paris :
Nombre del editor, distribuidor, etc. Calmann Lévy,
Fecha de publicación, distribución, etc. [ca. 1901]
300 ## - DESCRIPCIÓN FÍSICA
Extensión V, 39 p. ;
Dimensiones 19 cm.
650 #4 - PUNTO DE ACCESO ADICIONAL DE MATERIA--TÉRMINO DE MATERIA
Término de materia o nombre geográfico como elemento de entrada Óperas-
Subdivisión de forma Libretos.
9 (RLIN) 137584
700 1# - ENTRADA AGREGADA--NOMBRE PERSONAL
Nombre de persona Gheusi, Pierre-Barthélemy.
9 (RLIN) 139877
700 0# - ENTRADA AGREGADA--NOMBRE PERSONAL
Nombre de persona Saint-Saëns, Camille,
Fechas asociadas al nombre 1835-1921
9 (RLIN) 101553
852 4# - LOCALIZACIÓN
Ubicación ES-MaACL
Número de control de estantería 2247-F-16
Nota libre - Biblioteca Jacinto Martínez Lacalle
Holdings
Estatus retirado Estado de pérdida Estado de daño No para préstamo Colección Biblioteca de origen Biblioteca actual Ubicación en estantería Fecha de adquisición Fuente de adquisición Total de préstamos Signatura topográfica completa Código de barras Visto por última vez Precio de reemplazo Tipo de ítem Koha
        Colección de folletos Biblioteca del Ateneo de Madrid Biblioteca del Ateneo de Madrid Depósito folletos 11/02/2009     2247-F-16 1178688 23/02/2023 23/02/2023 Folleto